Quizzes
Events
Quiz Creation
Community
Videos
Private Events
Remove Ads
Sign In
Join for FREE
Feedback
Dark Mode
Quiz Categories
Sports
Geography
Music
Movies
Television
Just For Fun
Miscellaneous
History
Literature
Language
Science
Gaming
Entertainment
Religion
Holiday
For Kids
Quiz Lab
Recent
Popular Today
Quiz Kudos Today
Editor Picks
Curator Picks
Quizzes by...
Day
Popularity
Type
Ratings
Length
Year
Community
Subscriptions
Recent Discussions
Orange Saloon
Badges
Playlists
Quests
Create
Leaderboards
Showdown
Live 5
Trivia Bingo
Activity
Puzzle Library
Sporcle Events
Private Events
Virtual Trivia
Globe League
Become a Host
Pub Owners
SporcleCon
Opinionation
Our Games
Videos
Blog
Mobile Apps
Partnerships
Remove Ads and Go Orange
Feedback
Sports
Athletes
MLB
NBA
NHL
NFL
Soccer
Sports Teams
WWE
NCAA
Football
Premier League
Basketball
Baseball
Hockey
Golf
Tennis
Cricket
Rugby
Auto Racing
Olympics
World Cup
Sports
Athletes
MLB
NBA
NHL
NFL
Soccer
Sports Teams
WWE
NCAA
Football
Premier League
Basketball
Baseball
Hockey
Golf
Tennis
Cricket
Rugby
Auto Racing
Olympics
World Cup
Random Quiz
Search Sporcle
×
Quiz Lab
Quiz Lab
Sports
New Jersey
Type in answers that appear in a list
Type in answers that appear in a list
Classic
Best Score? Go Orange.
New Jersey Devils end of the season roster Stats
Can you name the New Jersey Devils Roster 2009/10?
By
lowwryda354
5m
27 Questions
111 Plays
111 Plays
111 Plays
Comments
Comments
Give Quiz Kudos
Give Quiz Kudos
-
- Ratings
hide this ad
Random Order
Randomize order of answers
Randomize order of answers
Replay
Link that replays current quiz
Next Quiz
Link to next quiz in quiz playlist
You Got
0%
They Got
Avg Score
54%
Avg Friend Score
Upgrade to see
Score Distribution
Jump to the score distribution portion of the page
Score
0/27
Timer
05:00
0
Plays Today
2010
% Correct
Goalie #30
Martin Brodeur
95.5%
Forward #26
Patrik Elias
90.9%
Forward #9
Zach Parise
90.9%
Forward #17
Ilya Kovalchuk
80%
Defensemen #5
Colin White
79.1%
Forward #19
Travis Zajac
78.2%
Defensemen #6
Andy Greene
76.4%
Forward #8
Dainius Zubrus
73.6%
Forward #15
Jamie Langenbrunner
70.9%
Forward #23
David Clarkson
65.5%
Defensemen #24
Bryce Salvador
60%
Defensemen #7
Paul Martin
59.1%
Forward #20
Jay Pandolfo
56.4%
Forward #12
Brian Rolston
56.4%
2010
% Correct
Forward #10
Rod Pelley
52.7%
Goalie #35
Yann Danis
46.4%
Defensemen #2
Mark Fraser
45.5%
Forward #21
Rob Niedermayer
41.8%
Forward #18
Vladimir Zharkov
40%
Defensemen #27
Mike Mottau
40%
Defensemen #29
Anssi Salmela
40%
Forward #22
Pierre-Luc Leblond
30.9%
Forward #11
Dean McAmmond
30.9%
Forward #25
Andrew Peters
21.8%
Defensemen #28
Martin Skoula
19.1%
Forward #14
Patrick Davis
18.2%
Defensemen #18
Cory Murphy
11.8%
Quiz Playlist
Details
Report
Send in Message
Add To Playlist
Classic:
Type in answers that appear in a list
Random Order:
Randomize order of answers
Quiz Source
Last Updated: Feb 16, 2017
Quiz Scoreboard
CHALLENGE
Sign Up to Join the Scoreboard
Show All
Scores
Hide
Comments
May contain spoilers
Recently Published
One Thing in Common: World Cities II
by knightlancer
Geography
7m
Popular People in 1961
by mucciniale
History
6m
1-10 Letter E Words III
by El_Dandy
Language
2m
More to Explore
Quiz From the Vault
Featured Blog Post
Where Did the Easter Bunny Come From?
hide this ad
You Might Also Like...
Tags
2009
2009-2010
2010
Devil
Jersey
New Jersey
Roster
Today's Top Quizzes in Sports
Browse Sports
hide this ad
Today's Top Quizzes in New Jersey
Browse New Jersey
Top Contributed Quizzes in Sports
1
Les meilleurs buteurs des matchs entre le PSG et l’OM
2
Les entraîneurs de l'OM et du PSG au 21e siècle
3
2022 World Cup Stars
4
FIFA Club World Cup Champions
5
Name the Premier League winners with different clubs
6
La finale Lions - Afrique du Sud 2021
7
Criteria MLB: Left Handed Sluggers
8
Players with Multiple 50 Home Run Seasons
9
MLB Players with Two .350 Batting Average Seasons
10
MLB Hall of Famer by Rings
Explore More
Trending Topics
Crossword
Disney
Anime
Marvel
Kpop
Harry Potter
NBA
WWE
Country
Pokémon
Puzzle
Soccer
Song
The Office
NFL
hide this ad
More By:
lowwryda354
Quiz
Plays
Rating
Category
Featured
Created
New Jersey Devils end of the season roster
111
3.00
Sports
May 27, 2010
Go to Creator's Profile
Score Distribution
Quiz Creator Spotlight
lowwryda354
Follow
Send a Message
Quizzes Created
-
Created Quiz Play Count
-
More By This Creator
Popular Quizzes Today
1
Find the US States - No Outlines Minefield
2
The Countries of the World
3
Popular People in 1961
4
Find the Countries of Europe - No Outlines Minefield
5
1-10 Letter E Words III
6
Find the US States
7
One Thing in Common: World Cities II
8
US States
More Sports Quizzes
One Per Category: 1990s Sports
Published
Trending Quizzes
1-10 Letter F Words
1-10 Letter G Words
Risky Map Clicking: Next State Alphabetically
1-10 Letter F Words II
Risky Map Clicking: States by Unique Starting Letters
Recently Updated
Leaping Animals
pecheneg
Reality TV Shows (A-Z)
bhenderson79
Rickey Henderson's Hall of Fame Teammates
pecheneg
Champions League XIs: Arsenal
pecheneg
Quick Pick: Celebrities in WWE's Hall of Fame
aduchscher
A-Z Keypad Blitz II
pecheneg
Multiple Oscar Actors
pecheneg
Mystery Phrase Blitz: Oscar 'Best Actors'
pecheneg
F. Scott Fitzgerald Novels
LTH
Pick 3 Villains
ddd62291
Trending Topics
Disney
Anime
Marvel
Harry Potter
Crossword
NBA
Kpop
Pokémon
Country
WWE
The Office
NFL
Song
Puzzle
Soccer
Your Account Isn't Verified!
In order to create a playlist on Sporcle, you need to verify the email address you used during registration. Go to your
Sporcle Settings
to finish the process.
Report this User
Report this user for behavior that violates our
Community Guidelines
.
Details:
Send Report
Go to the Sporcle.com Mobile Site →
Comments